Alphabetical Football Teams Quiz Stats

 Plays Quiz not verified by Sporcle

Challenge
Share
Tweet
Embed
Score 0/15 Timer 05:00
0 Plays Today
Team % Correct
Arsenal
94.2%
Aston Villa
78.8%
Accrington Stanley
56.7%
Birmingham City
54.8%
Derby County
48.4%
Norwich City
48.1%
Bournemouth
44.2%
Ipswich Town
44.2%
Team % Correct
Crystal Palace
41.3%
Nottingham Forest
37.5%
Coventry City
36.5%
Gillingham
32.7%
Notts County
31.7%
Northampton Town
27.9%
Morecambe
21.2%

You're not logged in!

Compare scores with friends on all Sporcle quizzes.
Join for Free
OR
Log In

You Might Also Like...

Show Comments

Extras

Top Quizzes Today


Score Distribution

Your Account Isn't Verified!

In order to create a playlist on Sporcle, you need to verify the email address you used during registration. Go to your Sporcle Settings to finish the process.

Report this User

Report this user for behavior that violates our Community Guidelines.

Details: